<?xml version="1.0" encoding="UTF-8"?>
<marc:record xmlns:marc="http://www.loc.gov/MARC21/slim">
   <marc:leader>00000nam a2200000 a 4500</marc:leader>
   <marc:datafield ind1="1" ind2=" " tag="100">
      <marc:subfield code="a">Hunt, Elizabeth Singer</marc:subfield>
      <marc:subfield code="4">aut</marc:subfield>
      <marc:subfield code="e">Verfasser/-in</marc:subfield>
   </marc:datafield>
   <marc:datafield ind1=" " ind2=" " tag="653">
      <marc:subfield code="a">ab 6</marc:subfield>
   </marc:datafield>
   <marc:datafield ind1=" " ind2=" " tag="653">
      <marc:subfield code="a">Jack</marc:subfield>
   </marc:datafield>
   <marc:datafield ind1="0" ind2="0" tag="245">
      <marc:subfield code="a">Auf der Jagd nach dem Dinosaurier</marc:subfield>
   </marc:datafield>
   <marc:datafield ind1=" " ind2="1" tag="264">
      <marc:subfield code="b">cbt Verlag</marc:subfield>
      <marc:subfield code="c">2018</marc:subfield>
   </marc:datafield>
   <marc:datafield ind1="1" ind2=" " tag="490">
      <marc:subfield code="a">Geheimagent Jack</marc:subfield>
   </marc:datafield>
   <marc:datafield ind1="1" ind2=" " tag="520">
      <marc:subfield code="a">Eigentlich ist der 9-jährige Jack ein ganz normaler Junge, doch nachts wird er zum Geheimagenten für die Globalen Geheimen Sicherheitskräfte! Mithilfe einer magischen Landkarte gelangt er an Orte, an denen seine Hilfe gebraucht wird - wie das Naturkundemuseum in New York. Dort wurde ein Dinosaurierknochen gestohlen und Jack soll ihn zurückbringen. Doch als er den Dieb ausfindig gemacht hat, läuft Jack einem lebendig gewordenen Allosaurus direkt in die Arme! Nun heißt es, einen kühlen Kopf zu bewahren und die Spezialgadgets bereitzuhalten, die Jack in seinem Agentenrucksack immer dabeihat!</marc:subfield>
   </marc:datafield>
   <marc:datafield ind1=" " ind2=" " tag="020">
      <marc:subfield code="a">9783570175583</marc:subfield>
      <marc:subfield code="9">9783570175583</marc:subfield>
   </marc:datafield>
</marc:record>
